Szczegóły MARC21

Le Charme des petites cités d'Italie : Pavie, Crémone, Plaisance, Parme, Mantoue, Sirmione, Vêrone, Vicence, Padoue /

005 -DATA I CZAS OSTATNIEJ MODYFIKACJI [,]
    • @
    • pole kontrolne
    • 20070315155141.9
040 -Instytucja sporządzająca opis [ , ]
    • a
    • Instytucja, która sporządziła opis (NP)
    • SZCZ U
    • c
    • Instytucja, która sporządziła rekord (NP)
    • SZCZ U
041 -Język dokumentu [0, ]
    • a
    • Język tekstu (P)
    • polski
    • h
    • Język tekstu oryginalnego i/lub pośredniego (P)
    • polski
942 -Rodzaj dokumentu [ , ]
    • c
    • Rodzaj dokumentu
    • Książka
100 -Hasło główne - nazwa osobowa [ , ]
    • a
    • Nazwa osobowa (NP)
    • MAUCLAIR, CAMILLE
245 -Strefa tytułu i oznaczenia odpowiedzialności [1, ]
    • a
    • Tytuł
    • Le Charme des petites cités d'Italie : Find
    • b
    • Ciąg dalszy tytułu (NP)
    • Pavie, Crémone, Plaisance, Parme, Mantoue, Sirmione, Vêrone, Vicence, Padoue / Find
    • c
    • Pozostałe elementy strefy tytułu i oznaczenia odpowiedzialności (NP)
    • Camille Mauclair.
260 -Strefa adresu wydawniczego [ , ]
    • a
    • Miejsce wydania (P)
    • Paris :
    • b
    • Nazwa wydawcy (P)
    • "Alpina",
    • c
    • Data wydania (P)
    • cop.1939.
300 -Strefa opisu fizycznego [ , ]
    • a
    • Określenie formy książki i/lub objętość (NP)
    • 153 s. :
    • b
    • Oznaczenie ilustracji (NP)
    • fot.[6] k.tabl. :
    • c
    • Format (NP)
    • 25 cm.
080 -Uniwersalna Klasyfikacja Dziesiętna [ , ]
    • a
    • Symbol klasyfikacji
    • 72(450)(091)(084.11)=40
980 -Symbol UKD [ , ]
    • a
    • UKD
    • 72(450)(091)(084.11)=40
Lokalizacja Data inwentaryzacji Status udost. Numer inwentarzowy
BG2002-11-151JK.105